[Event "3rd Manaus Open 2024"]
[Site "Manaus"]
[Date "2024.10.13"]
[Round "3.7"]
[White "Gauche, Charles"]
[Black "Rodriguez Vila, Andres"]
[Result "0-1"]
[WhiteElo "2168"]
[BlackElo "2419"]
[Annotator "RC"]
[PlyCount "105"]
[EventDate "2024.10.05"]
[EventType "swiss"]
[EventCountry "BRA"]
[SourceTitle "playchess.com"]
[Source "ChessBase"]
[SourceQuality "1"]
[TimeControl "5400+30"]

1. c4 {[%emt 0:02:32]} e5 {[%emt 0:00:32]} 2. Nc3 {[%emt 0:00:43]} Bb4 {[%emt 0:01:24]} 3. a3 {[%emt 0:00:52]} Bxc3 {[%emt 0:00:06]} 4. bxc3 {[%emt 0:00:03]} Nf6 {[%emt 0:00:35]} 5. d3 {[%emt 0:00:17]} O-O {[%emt 0:00:12]} 6. e4 {[%emt 0:01:07]} c6 {[%emt 0:00:16]} 7. Bg5 {[%emt 0:00:34]} h6 {[%emt 0:01:16]} 8. Bh4 {[%emt 0:02:31]} Re8 {[%emt 0:04:29]} 9. Be2 {[%emt 0:11:10]} d6 {[%emt 0:02:22]} 10. Qc2 {[%emt 0:02:31]} Nbd7 {[%emt 0:00:13]} 11. Nf3 {[%emt 0:01:42]} Nf8 {[%emt 0:00:35]} 12. Nd2 {[%emt 0:01:35]} g5 {[%emt 0:03:03]} 13. Bg3 {[%emt 0:00:11]} Ng6 {[%emt 0:00:06]} 14. h4 {[%emt 0:03:57]} g4 {[%emt 0:00:08]} 15. Nf1 {[%emt 0:11:27]} d5 {[%emt 0:00:50]} 16. Ne3 {[%emt 0:12:35]} d4 {[%emt 0:02:49]} 17. cxd4 {[%emt 0:01:18]} exd4 {[%emt 0:00:13]} 18. Nf1 {[%emt 0:01:04]} Nh5 {[%emt 0:00:51]} 19. Qd2 {[%emt 0:00:30]} Kh7 {[%emt 0:00:10]} 20. Nh2 {[%emt 0:04:36]} f5 {[%emt 0:00:23]} 21. exf5 {[%emt 0:00:13]} Bxf5 {[%emt 0:04:35]} 22. O-O {[%emt 0:00:09]} Qd7 {[%emt 0:01:15]} 23. Rfe1 {[%emt 0:02:40]} Re7 {[%emt 0:07:48]} 24. Bf1 {[%emt 0:01:22]} Rae8 {[%emt 0:02:18]} 25. Rxe7+ {[%emt 0:07:44]} Qxe7 {[%emt 0:01:19]} 26. Qa5 {[%emt 0:00:35]} Nxg3 {[%emt 0:13:52]} 27. fxg3 {[%emt 0:00:23]} Bc8 {[%emt 0:01:05]} 28. h5 {[%emt 0:01:31]} Qe3+ {[%emt 0:01:07]} 29. Kh1 {[%emt 0:00:03]} Ne5 {[%emt 0:00:09]} 30. Re1 {[%emt 0:02:53]} Qxg3 {[%emt 0:06:50]} 31. Qc7+ {[%emt 0:01:33]} Kg8 {[%emt 0:03:09]} 32. Re4 {[%emt 0:00:08]} Bf5 {[%emt 0:01:54]} 33. Rxd4 {[%emt 0:01:40]} Qe1 {[%emt 0:04:38]} 34. Rf4 {[%emt 0:03:54]} Rf8 {[%emt 0:13:42]} 35. Qe7 {[%emt 0:21:57]} Qe3 {[%emt 0:09:26]} 36. g3 {[%emt 0:00:00]} Nxc4 {[%emt 0:01:55]} 37. Qxe3 {[%emt 0:00:00]} Nxe3 {[%emt 0:00:06]} 38. Be2 {[%emt 0:00:00]} Be6 {[%emt 0:01:23]} 39. Rxf8+ {[%emt 0:00:00]} Kxf8 {[%emt 0:00:09]} 40. Kg1 {[%emt 0:00:00]} b5 {[%emt 0:00:15]} 41. Kf2 {[%emt 0:00:00]} Nc2 {[%emt 0:00:08]} 42. Bxg4 {[%emt 0:00:00]} Bxg4 {[%emt 0:00:11]} 43. Nxg4 {[%emt 0:00:00]} Nxa3 {[%emt 0:00:42]} 44. Ke3 {[%emt 0:00:00]} b4 {[%emt 0:02:06]} 45. Kd2 {[%emt 0:00:00]} Kg7 {[%emt 0:00:39]} 46. Ne5 {[%emt 0:00:00]} c5 {[%emt 0:00:19]} 47. Nd7 {[%emt 0:00:00]} c4 {[%emt 0:00:50]} 48. dxc4 {[%emt 0:00:00]} Nxc4+ {[%emt 0:00:07]} 49. Kd3 {[%emt 0:00:00]} b3 {[%emt 0:01:36]} 50. Nc5 {[%emt 0:00:00]} b2 {[%emt 0:00:14]} 51. Kc2 {[%emt 0:00:00]} Kf6 {[%emt 0:00:24]} 52. Nd7+ {[%emt 0:08:30]} Kf7 53. Kd3 {[%emt 0:00:30]} 0-1

[Event "3rd Manaus Open 2024"]
[Site "Manaus"]
[Date "2024.10.13"]
[Round "3.8"]
[White "Sunye Neto, Jaime"]
[Black "Souza Neves, Andrey M."]
[Result "1-0"]
[WhiteElo "2381"]
[BlackElo "2154"]
[Annotator "RC"]
[PlyCount "69"]
[EventDate "2024.10.05"]
[EventType "swiss"]
[EventCountry "BRA"]
[SourceTitle "playchess.com"]
[Source "ChessBase"]
[SourceQuality "1"]
[TimeControl "5400+30"]

1. c4 {[%emt 0:00:03]} e6 {[%emt 0:02:39]} 2. Nf3 {[%emt 0:01:10]} d5 {[%emt 0:00:08]} 3. d4 {[%emt 0:00:13]} Nf6 {[%emt 0:00:19]} 4. Nc3 {[%emt 0:01:24]} a6 {[%emt 0:00:16]} 5. cxd5 {[%emt 0:01:37]} exd5 {[%emt 0:00:07]} 6. Bg5 {[%emt 0:00:36]} Be6 {[%emt 0:00:08]} 7. e3 {[%emt 0:02:03]} Nbd7 {[%emt 0:00:14]} 8. Be2 {[%emt 0:01:11]} Bd6 {[%emt 0:00:38]} 9. O-O {[%emt 0:08:51]} c6 {[%emt 0:01:11]} 10. Bf4 {[%emt 0:15:10]} Qc7 {[%emt 0:04:09]} 11. Bxd6 {[%emt 0:07:17]} Qxd6 {[%emt 0:00:07]} 12. Qc2 {[%emt 0:00:10]} Bg4 {[%emt 0:03:27]} 13. a3 {[%emt 0:03:01]} O-O {[%emt 0:01:39]} 14. b4 {[%emt 0:01:03]} Rfe8 {[%emt 0:04:50]} 15. Na4 {[%emt 0:05:39]} b5 {[%emt 0:04:58]} 16. Nc5 {[%emt 0:03:35]} Nxc5 {[%emt 0:00:37]} 17. dxc5 {[%emt 0:00:20]} Qc7 {[%emt 0:04:40]} 18. Nd4 {[%emt 0:01:32]} Re5 {[%emt 0:03:22]} 19. a4 {[%emt 0:00:57]} Rae8 {[%emt 0:05:53]} 20. axb5 {[%emt 0:05:31]} Rh5 {[%emt 0:03:36]} 21. f4 {[%emt 0:02:47]} axb5 {[%emt 0:10:40]} 22. h3 {[%emt 0:01:24]} Bxe2 {[%emt 0:04:22]} 23. Qxe2 {[%emt 0:00:17]} Rh6 {[%emt 0:01:48]} 24. Ra6 {[%emt 0:00:17]} Ne4 {[%emt 0:00:40]} 25. Rfa1 {[%emt 0:00:09]} Nc3 {[%emt 0:05:31]} 26. Qd3 {[%emt 0:02:02]} Na4 {[%emt 0:00:48]} 27. Rxc6 {[%emt 0:11:13]} Rxc6 {[%emt 0:08:57]} 28. Qxb5 {[%emt 0:00:10]} Qe7 {[%emt 0:01:01]} 29. Qxc6 {[%emt 0:00:30]} Qxe3+ {[%emt 0:00:19]} 30. Kh1 {[%emt 0:00:11]} Nc3 {[%emt 0:02:24]} 31. Nf5 {[%emt 0:01:25]} Qe6 {[%emt 0:04:39]} 32. Qxe6 {[%emt 0:01:58]} fxe6 {[%emt 0:00:06]} 33. Nd6 {[%emt 0:00:05]} Rf8 {[%emt 0:01:03]} 34. c6 {[%emt 0:00:15]} d4 {[%emt 0:02:28]} 35. c7 {[%emt 0:02:07]} 1-0

[Event "3rd Manaus Open 2024"]
[Site "Manaus"]
[Date "2024.10.13"]
[Round "3.9"]
[White "Zallio, Luciano de Souza"]
[Black "Molina, Roberto Junio Brito"]
[Result "0-1"]
[WhiteElo "2114"]
[BlackElo "2381"]
[Annotator "RC"]
[PlyCount "130"]
[EventDate "2024.10.05"]
[EventType "swiss"]
[EventCountry "BRA"]
[SourceTitle "playchess.com"]
[Source "ChessBase"]
[SourceQuality "1"]
[TimeControl "5400+30"]

1. Nf3 {[%emt 0:09:04]} d5 {[%emt 0:01:59]} 2. b3 {[%emt 0:00:54]} Bg4 {[%emt 0:00:25]} 3. Bb2 {[%emt 0:00:50]} Nd7 {[%emt 0:00:48]} 4. g3 {[%emt 0:01:29]} Bxf3 {[%emt 0:02:51]} 5. exf3 {[%emt 0:00:10]} e5 {[%emt 0:00:18]} 6. Bg2 {[%emt 0:01:18]} Ngf6 {[%emt 0:00:18]} 7. O-O {[%emt 0:02:44]} Bd6 {[%emt 0:00:27]} 8. d4 {[%emt 0:01:01]} O-O {[%emt 0:00:58]} 9. dxe5 {[%emt 0:00:32]} Bxe5 {[%emt 0:00:09]} 10. Nc3 {[%emt 0:01:50]} c6 {[%emt 0:01:15]} 11. f4 {[%emt 0:02:15]} Bd6 {[%emt 0:00:24]} 12. a3 {[%emt 0:02:39]} Re8 {[%emt 0:00:18]} 13. Re1 {[%emt 0:00:25]} Rxe1+ {[%emt 0:01:32]} 14. Qxe1 {[%emt 0:00:10]} Qf8 {[%emt 1:25:48]} 15. Nd1 {[%emt 0:11:53]} Re8 {[%emt 0:00:00]} 16. Qd2 {[%emt 0:05:02]} Qe7 {[%emt 0:00:00]} 17. Ne3 {[%emt 0:09:02]} Bc5 {[%emt 0:00:00]} 18. Bd4 {[%emt 0:01:38]} Bxd4 {[%emt 0:00:00]} 19. Qxd4 {[%emt 0:00:09]} Qc5 {[%emt 0:00:00]} 20. Qd3 {[%emt 0:01:39]} Qb6 {[%emt 0:00:00]} 21. b4 {[%emt 0:03:34]} a5 {[%emt 0:00:00]} 22. Rb1 {[%emt 0:03:36]} axb4 {[%emt 0:00:00]} 23. axb4 {[%emt 0:01:26]} Rd8 {[%emt 0:00:00]} 24. c4 {[%emt 0:01:34]} dxc4 {[%emt 0:00:00]} 25. Qxc4 {[%emt 0:00:52]} Nf8 {[%emt 0:00:00]} 26. Qc5 {[%emt 0:03:23]} Qxc5 {[%emt 0:00:00]} 27. bxc5 {[%emt 0:00:23]} Rd7 {[%emt 0:00:00]} 28. Nc4 {[%emt 0:04:44]} Ne6 {[%emt 0:00:00]} 29. Na5 {[%emt 0:11:22]} Nd8 {[%emt 0:00:00]} 30. Bh3 {[%emt 0:00:28]} Rd5 {[%emt 0:00:00]} 31. Nxb7 {[%emt 0:03:01]} Nxb7 {[%emt 0:00:00]} 32. Rxb7 {[%emt 0:00:03]} g6 {[%emt 0:00:00]} 33. Bg2 {[%emt 0:06:28]} Rxc5 {[%emt 0:00:00]} 34. Bf3 Rc3 {[%emt 0:00:00]} 35. Kg2 {[%emt 0:01:05]} c5 {[%emt 0:00:00]} 36. Rc7 {[%emt 0:00:31]} h5 {[%emt 0:00:00]} 37. h3 {[%emt 0:01:52]} Kf8 {[%emt 0:00:00]} 38. Bc6 {[%emt 0:01:50]} Rc1 {[%emt 0:02:45]} 39. Kf3 {[%emt 0:03:02]} Rc2 {[%emt 0:01:21]} 40. Kg2 {[%emt 0:00:49]} Rc3 {[%emt 0:01:26]} 41. Bf3 {[%emt 0:01:21]} Ne8 {[%emt 0:00:16]} 42. Rd7 {[%emt 0:00:16]} Nf6 {[%emt 0:01:23]} 43. Rc7 {[%emt 0:00:03]} Rc4 {[%emt 0:04:20]} 44. Bc6 {[%emt 0:00:53]} h4 {[%emt 0:00:32]} 45. Bb5 {[%emt 0:03:36]} Rc3 {[%emt 0:00:29]} 46. Bc6 {[%emt 0:01:25]} hxg3 {[%emt 0:00:51]} 47. fxg3 {[%emt 0:00:02]} Nh5 {[%emt 0:01:18]} 48. Bd5 {[%emt 0:00:13]} f5 {[%emt 0:00:37]} 49. Bf3 {[%emt 0:01:16]} Rc2+ {[%emt 0:00:07]} 50. Kg1 {[%emt 0:00:39]} Nxg3 {[%emt 0:00:08]} 51. h4 {[%emt 0:00:28]} c4 {[%emt 0:00:45]} 52. Bd5 {[%emt 0:00:31]} c3 {[%emt 0:00:52]} 53. Bb3 {[%emt 0:00:53]} Rb2 {[%emt 0:00:18]} 54. Ba4 {[%emt 0:01:07]} Rb4 {[%emt 0:00:27]} 55. Bc2 {[%emt 0:00:00]} Rxf4 {[%emt 0:00:11]} 56. Kg2 {[%emt 0:00:00]} Ne2 {[%emt 0:01:16]} 57. Bd3 {[%emt 0:01:30]} Nd4 {[%emt 0:00:34]} 58. h5 {[%emt 0:00:00]} gxh5 {[%emt 0:00:15]} 59. Rxc3 {[%emt 0:00:00]} Kg7 {[%emt 0:00:24]} 60. Kg3 {[%emt 0:00:19]} Rg4+ {[%emt 0:01:31]} 61. Kh3 {[%emt 0:00:27]} Kf6 {[%emt 0:00:08]} 62. Rc5 {[%emt 0:00:17]} Kg5 {[%emt 0:00:30]} 63. Rc4 {[%emt 0:00:48]} h4 {[%emt 0:00:27]} 64. Bc2 {[%emt 0:01:00]} Rg3+ {[%emt 0:00:01]} 65. Kh2 {[%emt 0:00:03]} Nf3+ {[%emt 0:00:06]} 0-1

[Event "3rd Manaus Open 2024"]
[Site "Manaus"]
[Date "2024.10.12"]
[Round "4"]
[White "Santos, Rikelme Amorim Dos"]
[Black "Delgado Ramirez, Neuris"]
[Result "0-1"]
[WhiteElo "1944"]
[BlackElo "2496"]
[Annotator "TA"]
[PlyCount "82"]
[EventDate "2024.10.05"]
[EventType "swiss"]
[EventCountry "BRA"]
[SourceTitle "playchess.com"]
[Source "ChessBase"]
[SourceQuality "1"]

{[%evp 21,81,3,1,-1,12,0,0,3,12,8,11,0,8,4,12,6,22,0,0,0,0,0,0,-14,0,-8,34,-135,-96,-112,-50,-235,-130,-136,-129,-123,-146,-138,-133,-243,-145,-123,-85,-246,-230,-238,-224,-269,-250,-263,-255,-326,-355,-573,-576,-560,-565,-2247,-1753,-1354,-743,-29999]} 1. e4 {[%cal Be2e4,Be4e5][%mdl 32]} c5 2. c3 Nf6 3. e5 Nd5 4. d4 cxd4 5. cxd4 d6 6. Nf3 Nc6 7. Bc4 dxe5 8. Nxe5 e6 9. Nxc6 bxc6 10. O-O Be7 11. Nc3 O-O 12. Qe2 Nb6 13. Rd1 Nxc4 14. Qxc4 {The position is equal.} Qb6 15. Qe2 Ba6 16. Qc2 Rad8 17. Be3 {[%cal Od4d5]} Qb8 18. Ne4 h6 19. Nc5 Bc8 20. Rac1 Rd5 21. Nb3 Rfd8 22. Qxc6 Bd6 {[%cal Oc8d7] Wards off Qc7. White must now prevent ...Bd7!} 23. h3 Bh2+ 24. Kf1 $2 (24. Kh1 $14 {is the one way to stay ahead.}) 24... Bd7 {[%mdl 1024] Black has strong compensation.} 25. Qc2 Ba4 (25... Bb5+ $17 26. Ke1 Bf4) 26. Qc3 $2 (26. Ke1 $15) 26... Qb5+ (26... Bb5+ $19 27. Ke1 Bd6) 27. Ke1 $17 Bd6 {aiming for ...Bb4. Black has more active pieces.} 28. Qc4 Qe8 29. f4 Bb5 30. Qc3 {[#]} (30. Qc2 $17) 30... Qe7 ({Black should try} 30... g5 $1 $19 {[%cal Rg5f4]} 31. g3 gxf4 32. gxf4 Qe7) 31. Kf2 Qh4+ 32. g3 $2 (32. Kg1 $17 {is the only way for White.}) 32... Qxh3 $19 33. Rh1 {Prevents Qh2+.} Qg4 34. Qc2 {Prevents Qe2+.} Be7 {Wards off Rh4} 35. Qd1 Qg6 $40 {[%cal Oe6e5][%mdl 128] Black goes for the king.} 36. Rc7 Bd6 37. Rxa7 (37. Rc3 {keeps fighting.}) 37... Rc8 38. Na1 {[#] Prevents Rc2+.} e5 $1 {[%mdl 512]} 39. fxe5 (39. Ra5 exf4) 39... Bxe5 40. Qf3 Bb8 {( -> ...Rc2+). This pair of bishops is nice.} 41. Qxd5 Qxg3# {Weighted Error Value: White=0.75/Black=0.41.  Loses game:     	White=2     	---        Mistake:       	White=3     	Black=3      Inaccurate:     	White=1     	Black=2      OK:         	White=14    	Black=13     Best:        	White=1     	Black=1} 0-1

[Event "3rd Manaus Open 2024"]
[Site "Manaus"]
[Date "2024.10.12"]
[Round "4"]
[White "Barbosa, Celio Oliveira"]
[Black "Piccoli, Lucas Fonseca"]
[Result "0-1"]
[WhiteElo "1916"]
[BlackElo "2266"]
[Annotator "RC"]
[PlyCount "58"]
[EventDate "2024.10.05"]
[EventType "swiss"]
[EventCountry "BRA"]
[SourceTitle "playchess.com"]
[Source "ChessBase"]
[SourceQuality "1"]

1. Nf3 Nf6 2. g3 b6 3. Bg2 Bb7 4. c4 c5 5. Nc3 g6 6. O-O Bg7 7. e3 O-O 8. d4 Ne4 9. Nxe4 Bxe4 10. Qe2 Nc6 11. Rd1 cxd4 12. Nxd4 Bxg2 13. Kxg2 Nxd4 14. exd4 d5 15. Be3 Rc8 16. b3 e6 17. Rac1 Qd7 18. c5 bxc5 19. dxc5 d4 20. Qc4 Qc6+ 21. Kg1 dxe3 22. fxe3 Bh6 23. Kf2 Rfd8 24. b4 Rd5 25. e4 Re5 26. Rd6 Qxe4 27. Qxe4 Rxe4 28. Rb1 Bf8 29. Rd7 Rxb4 0-1

[Event "3rd Manaus Open 2024"]
[Site "Manaus"]
[Date "2024.10.12"]
[Round "4"]
[White "Pontes, Luiz Felizola Lima"]
[Black "Filgueiras, Nathan Felipe"]
[Result "0-1"]
[WhiteElo "1916"]
[BlackElo "2343"]
[Annotator "RC"]
[PlyCount "46"]
[EventDate "2024.10.05"]
[EventType "swiss"]
[EventCountry "BRA"]
[SourceTitle "playchess.com"]
[Source "ChessBase"]
[SourceQuality "1"]

1. e4 e5 2. Nf3 Nc6 3. Bb5 a6 4. Ba4 Nge7 5. c3 Ng6 6. O-O d5 7. d3 Be7 8. Re1 O-O 9. exd5 Qxd5 10. c4 Qd6 11. Nc3 Nd4 12. Nxd4 exd4 13. Ne4 Qd8 14. a3 f5 15. Ng3 c6 16. b4 f4 17. Ne4 f3 18. g3 Qd7 19. Nd2 Qh3 20. Nxf3 Qd7 21. Kh1 Qh3 22. Rg1 Ne5 23. Qf1 Nxf3 0-1

[Event "3rd Manaus Open 2024"]
[Site "Manaus"]
[Date "2024.10.12"]
[Round "4"]
[White "Deus Filho, Joaquim de"]
[Black "Ribeiro, Matheus Mendes Domin"]
[Result "0-1"]
[WhiteElo "1915"]
[BlackElo "2250"]
[Annotator "RC"]
[PlyCount "44"]
[EventDate "2024.10.05"]
[EventType "swiss"]
[EventCountry "BRA"]
[SourceTitle "playchess.com"]
[Source "ChessBase"]
[SourceQuality "1"]

1. e4 c5 2. Nc3 Nc6 3. g3 g6 4. Bg2 Bg7 5. d3 d6 6. Be3 Nf6 7. h3 O-O 8. Qd2 Nd4 9. Rc1 Rb8 10. Bh6 b5 11. h4 Bxh6 12. Qxh6 b4 13. Nd5 Nxd5 14. exd5 e5 15. Nf3 Nxf3+ 16. Bxf3 f5 17. Qg5 Bd7 18. Qxd8 Rbxd8 19. O-O Kg7 20. Kg2 Kf6 21. c4 bxc3 22. Rxc3 Rb8 0-1

[Event "3rd Manaus Open 2024"]
[Site "Manaus"]
[Date "2024.10.12"]
[Round "4"]
[White "Pessoa, Marcio de Souza"]
[Black "Gauche, Charles"]
[Result "0-1"]
[WhiteElo "1907"]
[BlackElo "2168"]
[Annotator "RC"]
[PlyCount "70"]
[EventDate "2024.10.05"]
[EventType "swiss"]
[EventCountry "BRA"]
[SourceTitle "playchess.com"]
[Source "ChessBase"]
[SourceQuality "1"]
[TimeControl "5400+30"]

1. d4 Nf6 2. Nf3 d5 3. Bf4 c5 4. e3 Nc6 5. c3 Qb6 6. Qb3 c4 7. Qc2 Bf5 8. Qc1 h6 9. h3 e6 10. Nbd2 Qd8 11. b3 b5 12. a4 a6 13. Be2 Be7 14. O-O O-O 15. Bd1 Bd3 16. Re1 b4 17. bxc4 dxc4 18. Ne5 Nxe5 19. Bxe5 Nd5 20. cxb4 Nxb4 21. Qc3 Rc8 22. a5 Nd5 23. Qc1 Bb4 24. Bc2 Bxa5 25. Ra3 f6 26. Rxa5 Qxa5 27. Bd6 Rfd8 28. Bc5 Qc3 29. Bxd3 cxd3 30. Qd1 Qc2 31. Ne4 f5 32. Nd6 Rxd6 33. Rf1 d2 34. Bb4 Qxd1 35. Bxd6 Ra8 0-1

[Event "3rd Manaus Open 2024"]
[Site "Manaus"]
[Date "2024.10.12"]
[Round "4"]
[White "Bezerra, Fabiano de Oliveira"]
[Black "Terao, Juliana Sayumi"]
[Result "1/2-1/2"]
[WhiteElo "1896"]
[BlackElo "2187"]
[Annotator "RC"]
[PlyCount "68"]
[EventDate "2024.10.05"]
[EventType "swiss"]
[EventCountry "BRA"]
[SourceTitle "playchess.com"]
[Source "ChessBase"]
[SourceQuality "1"]

1. c4 e6 2. g3 Nf6 3. Bg2 d5 4. cxd5 exd5 5. Nf3 Bd6 6. O-O O-O 7. Nc3 c6 8. Qc2 Bg4 9. d4 Nbd7 10. h3 Bh5 11. Nh4 Bg6 12. Nxg6 hxg6 13. Bg5 Re8 14. e4 dxe4 15. Nxe4 Be7 16. Nc3 Nb6 17. Rad1 Nfd5 18. Bxe7 Rxe7 19. a3 Qd7 20. Rfe1 Rxe1+ 21. Rxe1 Nf6 22. Rd1 Qe6 23. b4 a6 24. Bf1 Qf5 25. Qb3 Rd8 26. a4 Nbd5 27. Nxd5 cxd5 28. b5 a5 29. Rc1 Ne4 30. Qb2 Rc8 31. Rxc8+ Qxc8 32. Qb3 Qf5 33. Qe3 Qc8 34. Qb3 Kh7 1/2-1/2

[Event "3rd Manaus Open 2024"]
[Site "Manaus"]
[Date "2024.10.14"]
[Round "4.1"]
[White "Leitao, Rafael"]
[Black "Sunye Neto, Jaime"]
[Result "1-0"]
[WhiteElo "2592"]
[BlackElo "2381"]
[Annotator "TA"]
[PlyCount "53"]
[EventDate "2024.10.05"]
[EventType "swiss"]
[EventCountry "BRA"]
[SourceTitle "playchess.com"]
[Source "ChessBase"]
[SourceQuality "1"]
[TimeControl "5400+30"]

{[%evp 14,53,43,43,69,29,39,23,68,34,74,40,104,106,95,97,131,117,156,102,183,175,205,178,204,206,204,201,269,214,214,74,97,83,240,263,247,254,306,323,282,282]} 1. e4 {[%emt 0:00:38]} c5 {[%emt 0:00:08]} 2. Nf3 {[%emt 0:00:09]} e6 {[%emt 0:00:09]} 3. d4 {[%emt 0:00:12]} cxd4 {[%emt 0:00:21]} 4. Nxd4 {[%emt 0:00:08]} Nc6 {[%emt 0:01:17]} 5. Nc3 {[%emt 0:00:31]} d6 {[%emt 0:03:38]} 6. g4 {[%emt 0:03:14]} a6 {[%emt 0:01:47]} 7. Be3 {[%emt 0:00:57]} Nge7 {[%emt 0:07:44]} 8. Nb3 b5 {[%emt 0:30:51][%cal Bb7b5,Bb5c4][%mdl 32]} 9. h4 {[%emt 0:14:04] White is more active.} Bb7 {[%emt 0:01:36]} 10. Rh3 {[%emt 0:08:58]} Nc8 {[%emt 0:01:46] White has an edge.} 11. Qd2 {[%emt 0:07:25]} Nb6 {[%emt 0:07:21]} 12. O-O-O {[%emt 0:11:53]} Nc4 {[%emt 0:10:00]} ({Black should try} 12... Be7 $14) 13. Bxc4 $16 {[%emt 0:01:43]} bxc4 {[%emt 0:00:08]} 14. Nd4 {[%emt 0:00:21]} Rc8 {[%emt 0:03:33]} 15. Nxc6 {[%emt 0:08:25]} Rxc6 {[%emt 0:00:24]} 16. Bd4 {[%emt 0:02:18]} (16. h5 $142) 16... f6 {[%emt 0:06:23]} (16... Bc8 $16 {is a better defense.}) 17. g5 $18 {[%emt 0:01:09]} Be7 {[%emt 0:00:15]} 18. gxf6 {[%emt 0:12:52]} Bxf6 {[%emt 0:00:08]} 19. Bxf6 {[%emt 0:01:02]} Qxf6 {[%emt 0:00:23] [#]} 20. e5 $1 {[%emt 0:01:21][%mdl 512]} Qxe5 {[%emt 0:00:19]} (20... Qf5 21. exd6) 21. Re3 {[%emt 0:00:30]} Qf5 {[%emt 0:00:17]} 22. Ne4 {[%emt 0:00:51]} (22. Nd5 $18 {[%cal Oe3e6] Rxe6+! is the strong threat.} c3 23. bxc3) 22... O-O $16 {[%emt 0:17:17]} ({Avoid the trap} 22... d5 $2 23. Qb4 Bc8 24. Nd6+ Rxd6 25. Qxd6 $18) 23. Nxd6 {[%emt 0:04:02]} Rxd6 {[%emt 0:00:54] This move loses the game for Black.} 24. Qxd6 $18 {[%emt 0:00:09]} Bd5 {[%emt 0:00:07]} 25. Rg1 {[%emt 0:05:00]} Qxf2 {[%emt 0:00:53]} 26. Reg3 {[%emt 0:00:23]} g6 {[%emt 0:00:15]} 27. h5 $1 {[%emt 0:15:45] Weighted Error Value: White=0.22 (precise) /Black=0.35.  Mistake:       	White=2     	Black=3      Inaccurate:     	White=3     	Black=5      OK:         	White=6     	Black=4      Best:        	White=1     	Black=1      Strong:       	White=1     	---        Brilliant:      	White=1     	---} (27. Qxa6 {gets mated.} Qf4+ 28. Kd1 Bf3+ (28... Qxh4 29. Qd6 $11) 29. Rxf3 Qxf3+ 30. Kd2 Rd8+) 1-0

[Event "3rd Manaus Open 2024"]
[Site "Manaus"]
[Date "2024.10.14"]
[Round "4.2"]
[White "Quintiliano, Renato R."]
[Black "Molina, Roberto Junio Brito"]
[Result "0-1"]
[WhiteElo "2513"]
[BlackElo "2381"]
[Annotator "TA"]
[PlyCount "62"]
[EventDate "2024.10.05"]
[EventType "swiss"]
[EventCountry "BRA"]
[SourceTitle "playchess.com"]
[Source "ChessBase"]
[SourceQuality "1"]
[TimeControl "5400+30"]

{[%evp 9,62,15,13,9,0,0,0,0,0,0,0,-12,12,-2,-6,0,3,0,0,-21,-46,-30,0,0,0,0,0,0,79,0,0,0,0,-20,-15,-102,-95,-97,-81,-146,-135,-131,-69,-65,-68,-66,-82,-70,-78,-74,-49,-4933,-1790,-29991,-29992]} 1. Nf3 {[%emt 0:00:26]} d5 {[%emt 0:15:32]} 2. e3 {[%emt 0:00:09]} Nf6 {[%emt 0:01:57]} 3. c4 {[%emt 0:00:08]} e6 {[%emt 0:00:37]} 4. Nc3 {[%emt 0:00:29]} Be7 {[%emt 0:00:49]} 5. b3 {[%emt 0:00:29]} c5 {[%emt 0:04:34]} 6. Bb2 {[%emt 0:02:32]} dxc4 {[%emt 0:01:49]} 7. bxc4 {[%emt 0:00:35]} b6 {[%emt 0:00:44]} 8. Qc2 {[%emt 0:01:16] The position is equal.} Bb7 {[%emt 0:00:43]} 9. Be2 {[%emt 0:00:18]} Nc6 {[%emt 0:04:53]} 10. a3 {[%emt 0:00:41]} Qc7 {[%emt 0:02:44]} 11. h3 {[%emt 1:28:57]} Rd8 {[%emt 0:06:17]} 12. Rg1 {[%emt 0:00:00]} a6 {[%emt 0:00:49]} 13. g4 {[%emt 0:00:00]} h6 {[%emt 0:06:11][%cal Oc6d4]} 14. g5 {[%emt 0:00:00]} hxg5 {[%emt 0:02:54]} 15. Nxg5 {[%emt 0:00:00]} Bf8 {[%emt 0:02:37]} (15... Rh6 {seems wilder.} 16. Nce4 Na5 17. Rg3 e5) 16. f4 {[%emt 0:00:00]} Rd7 {[%emt 0:01:34]} 17. f5 {[%emt 0:00:00]} e5 {[%emt 0:10:01]} 18. O-O-O {[%emt 0:00:00]} Kd8 {[%emt 0:01:13] [#]} (18... Na5 $11) 19. Na4 {[%emt 0:00:00]} (19. Nd5 $1 $16 {[%cal Rd5c7]} Nxd5 20. cxd5) 19... Rh4 $11 {[%emt 0:05:15]} 20. Kb1 {[%emt 0:00:00]} Na5 {[%emt 0:10:45]} 21. Bc3 {[%emt 0:00:00] Hoping for Qb2.} Rxc4 {[%emt 0:10:57]} ({But not} 21... Nxc4 22. Bxc4 (22. Nxf7+ $2 Rxf7 23. Bxc4 Rxc4 $19) 22... Rxc4 23. Bxe5 Qxe5 24. Qxc4 Qxf5+ 25. Qc2 Qxc2+ 26. Kxc2 $15) (21... Nxc4 {is interesting.} 22. Bxc4 Rxc4 23. Bxe5 Qxe5 24. Qxc4 Qxf5+ 25. Qc2 Qxc2+ 26. Kxc2 b5) 22. Bxa5 {[%emt 0:00:00]} (22. Bxe5 $11 Qxe5 23. Bxc4 Nxc4 24. Qxc4 Qxf5+ 25. Qc2 Qxc2+ 26. Kxc2) 22... Rxc2 $17 {[%emt 0:00:54]} 23. Bxb6 {[%emt 0:00:00]} Rcxd2 {[%emt 0:03:12]} 24. Nxf7+ {[%emt 0:00:00]} (24. Bxc7+ $142 Kxc7 25. Rxd2 Rxd2 26. Bc4) 24... Kc8 {[%emt 0:01:26]} 25. Bxc7 {[%emt 0:00:00]} Kxc7 {[%emt 0:02:56]} ({Better is} 25... Be4+ $17 26. Ka1 Rxe2 (26... Kxc7 27. Rxd2 Rxd2 28. Bxa6 $17) 27. Rxd7 Kxd7) 26. Rxd2 $15 {[%emt 0:00:00]} Rxd2 {[%emt 0:00:16]} 27. Bc4 {[%emt 0:00:00][%cal Of7g5]} Be4+ {[%emt 0:00:47]} 28. Ka1 {[%emt 0:00:00]} Bxf5 {[%emt 0:00:24]} 29. Nxe5 {[%emt 0:00:24]} g6 {[%emt 0:01:14]} 30. Nxg6 $2 {[%emt 0:04:19][%mdl 8192] [#]} (30. Bf7 $15) 30... Bg7 $1 $19 {[%emt 0:00:33] ( -> ...Nd5+)} 31. Nh4 {[%emt 0:00:43]} Ng4+ {[%emt 0:00:42] Weighted Error Value: White=0.51/Black=0.13 (very precise) .  Loses game:     	White=1     	---        Mistake:       	White=3     	Black=2      Inaccurate:     	White=1     	Black=1      OK:         	White=6     	Black=12     Best:        	White=3     	Black=1      Strong:       	---       	Black=1} (31... Bxh3 $2 {loses.} 32. Rxg7+ Rd7 33. Rxd7+ Nxd7 34. Bxa6 $18) 0-1